Computational neurogenetic modeling / (Record no. 23919)
[ view plain ]
| 000 -LEADER | |
|---|---|
| fixed length control field | 01215cam a22003135a 4500 |
| 001 - CONTROL NUMBER | |
| control field | 14601045 |
| 005 - DATE AND TIME OF LATEST TRANSACTION | |
| control field | 20201128024121.0 |
| 008 - FIXED-LENGTH DATA ELEMENTS--GENERAL INFORMATION | |
| fixed length control field | 061019s2007 nyua b 001 0 eng |
| 020 ## - INTERNATIONAL STANDARD BOOK NUMBER | |
| International Standard Book Number | 9780387483535 |
| 040 ## - CATALOGING SOURCE | |
| Original cataloging agency | DLC |
| Language of cataloging | eng |
| Transcribing agency | DLC |
| Modifying agency | DLC |
| -- | EG-ScBUE |
| 082 04 - DEWEY DECIMAL CLASSIFICATION NUMBER | |
| Classification number | 612.8 |
| Edition number | 22 |
| Item number | BEN |
| 100 1# - MAIN ENTRY--PERSONAL NAME | |
| Personal name | Benuskova, L. |
| Fuller form of name | (Lubica), |
| Dates associated with a name | 1958- |
| 245 10 - TITLE STATEMENT | |
| Title | Computational neurogenetic modeling / |
| Statement of responsibility, etc | Lubica Benuskova and Nikola Kasabov. |
| 260 ## - PUBLICATION, DISTRIBUTION, ETC. (IMPRINT) | |
| Place of publication, distribution, etc | New York : |
| Name of publisher, distributor, etc | Springer, |
| Date of publication, distribution, etc | c.2007. |
| 300 ## - PHYSICAL DESCRIPTION | |
| Extent | xii, 290 p. : |
| Other physical details | ill. (col.) ; |
| Dimensions | 25 cm. |
| 490 0# - Series Statement | |
| Series statement | Topics in biomedical engineering international book series |
| 500 ## - GENERAL NOTE | |
| General note | "Integrating bioinformatics and neuroscience data, information and knowledge via computational intelligence" P. 4 of cover. |
| 500 ## - GENERAL NOTE | |
| General note | Index : p. 287-290.<br/> |
| 504 ## - BIBLIOGRAPHY, ETC. NOTE | |
| Bibliography, etc | Bibliography : p. [259]-286. |
| 650 #0 - SUBJECT ADDED ENTRY--TOPICAL TERM | |
| Topical term or geographic name as entry element | Neurogenetics |
| General subdivision | Mathematical models. |
| Source of heading or term | BUEsh |
| 650 #0 - SUBJECT ADDED ENTRY--TOPICAL TERM | |
| Topical term or geographic name as entry element | Neurogenetics |
| General subdivision | Computer simulation. |
| Source of heading or term | BUEsh |
| 650 #0 - SUBJECT ADDED ENTRY--TOPICAL TERM | |
| Topical term or geographic name as entry element | Computational neuroscience. |
| Source of heading or term | BUEsh |
| 9 (RLIN) | 18639 |
| 650 #0 - SUBJECT ADDED ENTRY--TOPICAL TERM | |
| Topical term or geographic name as entry element | Neural networks (Computer science) |
| Source of heading or term | BUEsh |
| 9 (RLIN) | 2046 |
| 650 #7 - SUBJECT ADDED ENTRY--TOPICAL TERM | |
| Topical term or geographic name as entry element | Neural networks (Neurobiology) |
| Source of heading or term | BUEsh |
| 9 (RLIN) | 18637 |
| 651 ## - SUBJECT ADDED ENTRY--GEOGRAPHIC NAME | |
| Source of heading or term | BUEsh |
| 653 ## - INDEX TERM--UNCONTROLLED | |
| Resource For college | Informatics and Computer Science |
| Arrived date list | January2017 |
| 700 1# - ADDED ENTRY--PERSONAL NAME | |
| Personal name | Kasabov, Nikola K. |
| 942 ## - ADDED ENTRY ELEMENTS (KOHA) | |
| Source of classification or shelving scheme | Dewey Decimal Classification |
| Withdrawn status | Item status | Source of classification or shelving scheme | Damaged status | Not for loan | Vendor | Home library | Current library | Shelving location | Date acquired | Source of acquisition | Cost, normal purchase price | Serial Enumeration / chronology | Total Checkouts | Full call number | Barcode | Date last seen | Cost, replacement price | Koha item type |
|---|---|---|---|---|---|---|---|---|---|---|---|---|---|---|---|---|---|---|
| Dewey Decimal Classification | Scientific home BookShop | Central Library | Central Library | First floor | 12/01/2017 | Purchase | 980.00 | 2691 | 612.8 BEN | 000040925 | 15/07/2025 | 1225.00 | Book - Borrowing |